00891cam a2200253 a 4500999001500000001000600015003000900021005001700030008004100047020001800088020001800106020001800124040003800142082002300180100002300203245011900226260003400345300004500379490002600424504002000450650003400470942001200504952012100516 c6643d664320692BD-DhUAP20210105101547.0210105s2014 njeabf b f000 0 eng  a9871118004616 a9871118221853 a9871118235522 aBD-DhUAPcBD-DhUAPdBD-DhUAPbEng a332.015195 RAV223 aRavindran, Kannoo. aThe mathematics of financial models : bsolving real-world problems with quantitative methods /cKannoo Ravindran. aNew Jersey : bWiley,cc2014. axi, 331 pages :billustrations ;c23 cm. aWiley Finance series. aIncludes index. aFinancexMathematical models. 2ddccBK 00102ddc4070aUAPCLbUAPCLcGeneral Stacksd2021-01-05o332.015195 RAVp3010020692r2021-01-05t1w2021-01-05yBK